00848nam a2200229 a 450000100100000000500170001000800410002702000150006804000250008304100390010808200130014710000260016024000450018624500870023126000320031830000280035053400590037870000380043704900090047595201170048499900170060100002584820200930024109.0110223s1977 sp a r 000 0 spa d a8427110642 aDO-SdBNPbspacBNPHU17aspahfre2Código de idiomas MARC ann*bnn*1 aRideau, Alain.95267910aComment connaitre son enfant.lEspañol10aConocer a los demas su hijo /cAlain Rideau ; traducción de Juan José Ferrero. aMadrid :bMensajero,c1977. a253 p. :bil. ;c23 cm. aObra francesa titulada :tComment connaitre son enfant1 aFerrero, Juan José,etr.942232 aBNGR 001054708MOaGRbGRcCTd2011-02-23iLF1l0onn* nn*p25848-10r2020-06-25w2020-06-25y4ZPréstamo en sala c25340d25340